<?xml version="1.0" encoding="UTF-8"?>
<record
    xmlns:xsi="http://www.w3.org/2001/XMLSchema-instance"
    xsi:schemaLocation="http://www.loc.gov/MARC21/slim http://www.loc.gov/standards/marcxml/schema/MARC21slim.xsd"
    xmlns="http://www.loc.gov/MARC21/slim">

  <leader>01381nam a22001817a 4500</leader>
  <controlfield tag="008">190726b        xxu||||| |||| 00| 0 eng d</controlfield>
  <datafield tag="020" ind1=" " ind2=" ">
    <subfield code="a">9780324542752</subfield>
  </datafield>
  <datafield tag="050" ind1=" " ind2=" ">
    <subfield code="a">HF5549.H7854(12e)</subfield>
  </datafield>
  <datafield tag="100" ind1=" " ind2=" ">
    <subfield code="a">Mathis, Robert L. </subfield>
  </datafield>
  <datafield tag="245" ind1=" " ind2=" ">
    <subfield code="a">Human resource management. / </subfield>
    <subfield code="c">Robert L. Mathis and John H. Jackson. </subfield>
  </datafield>
  <datafield tag="250" ind1=" " ind2=" ">
    <subfield code="a">12th ed.</subfield>
  </datafield>
  <datafield tag="260" ind1=" " ind2=" ">
    <subfield code="a">Mason :</subfield>
    <subfield code="b">South-Western Cengage Learning,</subfield>
    <subfield code="c">2008.</subfield>
  </datafield>
  <datafield tag="300" ind1=" " ind2=" ">
    <subfield code="a">xxix, 592 p. : </subfield>
    <subfield code="b">ill. chiefly col. ;</subfield>
    <subfield code="c">26 cm.</subfield>
  </datafield>
  <datafield tag="500" ind1=" " ind2=" ">
    <subfield code="a">Includes appendix and index.</subfield>
  </datafield>
  <datafield tag="505" ind1=" " ind2=" ">
    <subfield code="a">Contents : Section 1: Nature of human resource management: Changing nature of human resource management -- Strategic HR management and planning -- Organization/ individual relations and retention -- Section 2: Staffing the organization: Legal framework of equal employment -- Managing equal employment and diversity -- Jobs and job analysis -- Recruiting in labor markets -- Selecting human resources -- Section 3: Developing human resources: Training human resources -- Talent management and development -- Performance management and appraisal Section 4: Compensating human resources: Total rewards and compensation -- Variable pay and executive compensation -- Managing employee benefits -- Section 5: Risk management and workers projection -- Employee right and responsibilities -- Union/ management relations.      </subfield>
  </datafield>
  <datafield tag="700" ind1=" " ind2=" ">
    <subfield code="a">Jackson, John H. </subfield>
  </datafield>
  <datafield tag="942" ind1=" " ind2=" ">
    <subfield code="2">lcc</subfield>
    <subfield code="c">BK</subfield>
  </datafield>
  <datafield tag="999" ind1=" " ind2=" ">
    <subfield code="c">6819</subfield>
    <subfield code="d">14319</subfield>
  </datafield>
  <datafield tag="952" ind1=" " ind2=" ">
    <subfield code="0">0</subfield>
    <subfield code="1">0</subfield>
    <subfield code="2">lcc</subfield>
    <subfield code="4">0</subfield>
    <subfield code="7">0</subfield>
    <subfield code="a">WIUC-1</subfield>
    <subfield code="b">WIUC-1</subfield>
    <subfield code="c">CC</subfield>
    <subfield code="d">2019-07-26</subfield>
    <subfield code="l">0</subfield>
    <subfield code="o">HF5549.H7854</subfield>
    <subfield code="p">910/028/19</subfield>
    <subfield code="r">2019-07-26 00:00:00</subfield>
    <subfield code="t">1</subfield>
    <subfield code="w">2019-07-26</subfield>
    <subfield code="y">BK</subfield>
  </datafield>
  <datafield tag="952" ind1=" " ind2=" ">
    <subfield code="0">0</subfield>
    <subfield code="1">0</subfield>
    <subfield code="2">lcc</subfield>
    <subfield code="4">0</subfield>
    <subfield code="7">0</subfield>
    <subfield code="a">WIUC-KL</subfield>
    <subfield code="b">WIUC-KL</subfield>
    <subfield code="c">GEN</subfield>
    <subfield code="d">2019-11-08</subfield>
    <subfield code="o">HF5549.M43(12e)</subfield>
    <subfield code="p">K/1758/1758/19</subfield>
    <subfield code="r">2021-12-13 00:00:00</subfield>
    <subfield code="t">1</subfield>
    <subfield code="w">2019-07-26</subfield>
    <subfield code="y">BK</subfield>
  </datafield>
  <datafield tag="952" ind1=" " ind2=" ">
    <subfield code="0">0</subfield>
    <subfield code="1">0</subfield>
    <subfield code="2">lcc</subfield>
    <subfield code="4">0</subfield>
    <subfield code="7">0</subfield>
    <subfield code="a">WIUC-KL</subfield>
    <subfield code="b">WIUC-KL</subfield>
    <subfield code="c">GEN</subfield>
    <subfield code="d">2019-11-08</subfield>
    <subfield code="o">HF5549.M431(12e)</subfield>
    <subfield code="p">K/1759/1759/19</subfield>
    <subfield code="r">2021-12-13 00:00:00</subfield>
    <subfield code="t">2</subfield>
    <subfield code="w">2019-07-26</subfield>
    <subfield code="y">BK</subfield>
  </datafield>
  <datafield tag="952" ind1=" " ind2=" ">
    <subfield code="0">0</subfield>
    <subfield code="1">0</subfield>
    <subfield code="2">lcc</subfield>
    <subfield code="4">0</subfield>
    <subfield code="7">0</subfield>
    <subfield code="a">WIUC-KL</subfield>
    <subfield code="b">WIUC-KL</subfield>
    <subfield code="c">GEN</subfield>
    <subfield code="d">2019-11-08</subfield>
    <subfield code="o">HF5549.M432(12e)</subfield>
    <subfield code="p">K/1760/1760/19</subfield>
    <subfield code="r">2021-12-13 00:00:00</subfield>
    <subfield code="t">3</subfield>
    <subfield code="w">2019-07-26</subfield>
    <subfield code="y">BK</subfield>
  </datafield>
  <datafield tag="952" ind1=" " ind2=" ">
    <subfield code="0">0</subfield>
    <subfield code="1">0</subfield>
    <subfield code="2">lcc</subfield>
    <subfield code="4">0</subfield>
    <subfield code="7">0</subfield>
    <subfield code="a">WIUC-KL</subfield>
    <subfield code="b">WIUC-KL</subfield>
    <subfield code="c">GEN</subfield>
    <subfield code="d">2019-11-08</subfield>
    <subfield code="o">HF5549.M433(12e)</subfield>
    <subfield code="p">K/1761/1761/19</subfield>
    <subfield code="r">2021-12-13 00:00:00</subfield>
    <subfield code="t">4</subfield>
    <subfield code="w">2019-07-26</subfield>
    <subfield code="y">BK</subfield>
  </datafield>
  <datafield tag="952" ind1=" " ind2=" ">
    <subfield code="0">0</subfield>
    <subfield code="1">0</subfield>
    <subfield code="2">lcc</subfield>
    <subfield code="4">0</subfield>
    <subfield code="7">0</subfield>
    <subfield code="a">WIUC-KL</subfield>
    <subfield code="b">WIUC-KL</subfield>
    <subfield code="c">GEN</subfield>
    <subfield code="d">2019-11-08</subfield>
    <subfield code="o">HF5549.M434(12e)</subfield>
    <subfield code="p">K/1762/1762/19</subfield>
    <subfield code="r">2021-12-14 00:00:00</subfield>
    <subfield code="t">5</subfield>
    <subfield code="w">2019-07-26</subfield>
    <subfield code="y">BK</subfield>
  </datafield>
  <datafield tag="952" ind1=" " ind2=" ">
    <subfield code="0">0</subfield>
    <subfield code="1">0</subfield>
    <subfield code="2">lcc</subfield>
    <subfield code="4">0</subfield>
    <subfield code="7">0</subfield>
    <subfield code="a">WIUC-KL</subfield>
    <subfield code="b">WIUC-KL</subfield>
    <subfield code="c">GEN</subfield>
    <subfield code="d">2019-11-08</subfield>
    <subfield code="o">HF5549.M435(12e)</subfield>
    <subfield code="p">K/1763/1763/19</subfield>
    <subfield code="r">2021-12-14 00:00:00</subfield>
    <subfield code="t">6</subfield>
    <subfield code="w">2019-07-26</subfield>
    <subfield code="y">BK</subfield>
  </datafield>
  <datafield tag="952" ind1=" " ind2=" ">
    <subfield code="0">0</subfield>
    <subfield code="1">0</subfield>
    <subfield code="2">lcc</subfield>
    <subfield code="4">0</subfield>
    <subfield code="7">0</subfield>
    <subfield code="a">WIUC-KL</subfield>
    <subfield code="b">WIUC-KL</subfield>
    <subfield code="c">GEN</subfield>
    <subfield code="d">2019-11-08</subfield>
    <subfield code="o">HF5549.M436(12e)</subfield>
    <subfield code="p">K/1764/1764/19</subfield>
    <subfield code="r">2021-12-14 00:00:00</subfield>
    <subfield code="t">7</subfield>
    <subfield code="w">2019-07-26</subfield>
    <subfield code="y">BK</subfield>
  </datafield>
</record>
